000 00791nam a22002537a 4500
003 dpl
005 20180823160229.0
008 180823b xxu||||| |||| 00| 0 eng d
010 _aB-164129, B-164145
020 _a8183330045
_c180.00
035 _aB-164129
037 _bCen Lib/Ret
040 _aDPL
_bEN
_c0
082 _a005.43
_bBAY
100 _aBayross, Ivan
_91086
245 _aProgramming using open source products on windows /
_cby Ivan Bayross
260 _aNew Delhi
_bBPB Publications
_c2005
270 _aB-14, Connaught Place
_bNew Delhi
_e110001
300 _axiii,322p.
_c21cm(pbk)
500 _aIncludes index
650 _aComputer science
_972598
650 _aOpen source softwares -- Windows
_972599
942 _2ddc
_cEN
_h005.43
_mBAY
999 _c133077
_d133077